000 01534cam a22004217a 4500
001 000077817
003 CHAP
005 20241112062702.0
008 980318d1997 mx r 00010 spa d
010 _a75052
011 _a76024
020 _a9688844357
035 _a85601
040 _cCHAP
090 _aFolleto 14922
100 0 0 _aGómez Tovar, Laura.
_949914
245 1 0 _aHortalizas orgánicas de México /
_c/por Laura Gómez Tovar, Manuel Angel Gómez Cruz y Rita Schwentesius Ridermann.
260 _aChapingo, Méx. :
_bUACH. Centro de Investigaciones Económicas, Sociales y Tecnológicas de la Agroindustria y la Agricultura Mundial,
_c1997.
410 2 1 _aUACH. CIESTAAM
490 1 _aReporte de investigación
_v; 36
590 _aBATCH-UPD
_b10
_c20130110
_lUCH01
_h0612
590 _aBATCH-UPD
_b10
_c20130410
_lUCH01
_h0254
590 _aBATCH-UPD
_b10
_c20130914
_lUCH01
_h1549
590 _aCONVERSION
_b10
_c20130109
_lUCH01
_h1341
590 _aE5995AHE
_b05
_c20150212
_lUCH01
_h1350
650 1 4 _aHorticultura orgánica.
_956384
650 1 4 _aHorticultura
_xMéxico.
_956357
700 1 _aGómez Cruz, Manuel Ángel
_949661
700 1 _aSchwentesius Rindermann, Rita
_9103302
810 0 1 _aUACh. CIESTAAM
_9115844
830 0 _aReporte de investigación
_v; 36
_996000
901 _aBK
905 _aGuadalupe Pinto C.
942 _cFOLL
942 _n0
949 _aFolleto 14922
_bBC
_cFOLL
_d33724002316991
_eTS2
_fc.2
_gDonaciØn
_i85601
_sb
949 _aFolleto 14922
_bBC
_cUACH
_d856011
_eUACH
_i85601
_sb
999 _c75052
_d75052